000 00408nam a2200157Ia 4500
008 230312s9999||||xx |||||||||||||| ||und||
020 _a0-19-504083-X
082 _a685.4
_bAGU
100 _aAguilar Francis Joseph
245 0 _aGeneral Managers In Action
260 _bOxford
_aNew York
_c1988
300 _a260
546 _aEng.
650 _aManagement
_vgeneral electric`s strategic planning
942 _cBK
999 _c640
_d640